Изменения состояния и развития культуры через призму языка (на материале сравнительного исследования лексических заимствований в японском и немецком языках); Коммуникативные аспекты языка и культуры

Bibliografiset tiedot
Parent link:Коммуникативные аспекты языка и культуры.— 2003.— С. 114-118.
Päätekijä: Сердюк М. В.
Kieli:venäjä
Julkaistu: 2003
Aiheet:
Aineistotyyppi: Kirjan osa
KOHA link:https://koha.lib.tpu.ru/cgi-bin/koha/opac-detail.pl?biblionumber=101707

MARC

LEADER 00000naa2a2200000 4500
001 101707
005 20231031112724.0
035 |a (RuTPU)RU\TPU\book\109665 
090 |a 101707 
100 |a 20060915d2003 k y0rusy50 ca 
101 0 |a rus 
102 |a RU 
200 1 |a Изменения состояния и развития культуры через призму языка (на материале сравнительного исследования лексических заимствований в японском и немецком языках)  |f М. В. Сердюк 
320 |a Библиогр.: 19 назв. 
463 0 |0 (RuTPU)RU\TPU\book\64057  |y 5-98298-046-3  |t Коммуникативные аспекты языка и культуры  |o III Всероссийская научно-практическая конференция студентов, аспирантов и молодых ученых, Томск, 15-16 мая 2003 г.  |o Сборник научных трудов  |f Томский политехнический университет; Институт языковой коммуникации  |v С. 114-118.  |d 2003  |p 249 с. 
610 1 |a культура 
610 1 |a языки 
610 1 |a сравнительные исследования 
610 1 |a лексические заимствования 
610 1 |a японский язык 
610 1 |a немецкий язык 
610 1 |a восточная культура 
610 1 |a труды учёных ТПУ 
700 1 |a Сердюк  |b М. В. 
801 1 |a RU  |b 63413507  |c 20060915  |g PSBO 
801 2 |a RU  |b 63413507  |c 20080408  |g PSBO 
942 |c BK